[Event "Asian-ch Seniors 65"]
[Site "Auckland"]
[Date "2022.10.17"]
[Round "4"]
[White "Marko, Helmut"]
[Black "Smith, Vivian J"]
[Result "1-0"]
[WhiteElo "1882"]
[BlackElo "1649"]
[PlyCount "57"]
[EventDate "2022.10.15"]
[EventType "swiss"]
[EventRounds "9"]
[EventCountry "NZL"]
[SourceTitle "EXT 2024"]
[Source "ChessBase"]
[SourceDate "2023.10.10"]
[SourceVersion "1"]
[SourceVersionDate "2023.10.10"]
[SourceQuality "1"]

1. e4 c5 2. Nf3 g6 3. c3 d5 4. exd5 Nf6 5. d4 Nxd5 6. Bb5+ Bd7 7. Bxd7+ Qxd7 8. Ne5 Qe6 9. 0-0 Bg7 10. Nf3 cxd4 11. Nxd4 Qd7 12. Nc2 0-0 13. Ne3 Rd8 14. Qc2 Nxe3 15. Bxe3 Nc6 16. Na3 b6 17. Qa4 Qb7 18. Rfd1 Rac8 19. Rxd8+ Rxd8 20. Rd1 Rxd1+ 21. Qxd1 b5 22. Nc2 a6 23. h3 Qc8 24. Qd5 e6 25. Qe4 h5 26. Nb4 Ne7 27. Bd4 Bxd4 28. Qxd4 Nc6 29. Qc5 1-0

[Event "NZL-ch (Women)"]
[Site "Auckland"]
[Date "2022.04.18"]
[Round "4"]
[White "Chang, Yolanda"]
[Black "Smith, Vivian J"]
[Result "1/2-1/2"]
[WhiteElo "1405"]
[BlackElo "1682"]
[PlyCount "58"]
[EventDate "2022.04.17"]
[EventType "swiss"]
[EventRounds "7"]
[EventCountry "NZL"]
[SourceTitle "EXT 2024"]
[Source "ChessBase"]
[SourceDate "2023.10.10"]
[SourceVersion "1"]
[SourceVersionDate "2023.10.10"]
[SourceQuality "1"]

1. e4 c5 2. Nf3 g6 3. d4 cxd4 4. Nxd4 Nc6 5. c3 d6 6. Be3 Nf6 7. Nxc6 bxc6 8. f3 Bg7 9. Be2 0-0 10. 0-0 Qc7 11. Kh1 a5 12. Nd2 d5 13. c4 dxe4 14. fxe4 Rd8 15. Bf4 Qb6 16. Qc2 c5 17. Rad1 Bb7 18. b3 Bc6 19. Bf3 Nd7 20. Nb1 Ne5 21. Nc3 e6 22. Bg5 f6 23. Bh4 Nxf3 24. gxf3 Rxd1 25. Rxd1 Rd8 26. Rxd8+ Qxd8 27. Kg2 Qd7 28. Bf2 Bf8 29. Ne2 f5 1/2-1/2

[Event "NZL-ch Seniors"]
[Site "Mount Maunganui"]
[Date "2017.09.03"]
[Round "5"]
[White "Gothorp, Thomas"]
[Black "Smith, Vivian J"]
[Result "1/2-1/2"]
[WhiteElo "1556"]
[BlackElo "1713"]
[PlyCount "65"]
[EventDate "2017.09.01"]
[EventType "swiss"]
[EventRounds "6"]
[EventCountry "NZL"]
[SourceTitle "EXT 2019"]
[Source "ChessBase"]
[SourceDate "2018.10.10"]
[SourceVersion "1"]
[SourceVersionDate "2018.10.10"]
[SourceQuality "1"]

1. d4 Nf6 2. Nf3 g6 3. g3 Bg7 4. Bg2 0-0 5. 0-0 c6 6. Bf4 Nd5 7. Bg5 h6 8. Bc1 d6 9. c4 Nf6 10. e3 Nbd7 11. Nc3 e5 12. d5 c5 13. Qc2 a6 14. Nd2 Nh7 15. f4 exf4 16. exf4 f5 17. Nf3 Ndf6 18. Bd2 Re8 19. Rfe1 Bd7 20. Rxe8+ Qxe8 21. a4 Nf8 22. Re1 Qf7 23. b3 Re8 24. Qb1 Rxe1+ 25. Qxe1 Qe8 26. Qxe8 Nxe8 27. a5 Bf6 28. Nb1 Bd8 29. Be1 b6 30. axb6 Bxb6 31. Bc3 Kf7 32. Bf1 Nf6 33. Bd3 1/2-1/2

[Event "NZL-ch Seniors"]
[Site "Mount Maunganui"]
[Date "2017.09.01"]
[Round "1"]
[White "Smith, Robert Wayne"]
[Black "Smith, Vivian J"]
[Result "1-0"]
[WhiteElo "2230"]
[BlackElo "1713"]
[PlyCount "87"]
[EventDate "2017.09.01"]
[EventType "swiss"]
[EventRounds "6"]
[EventCountry "NZL"]
[SourceTitle "EXT 2019"]
[Source "ChessBase"]
[SourceDate "2018.10.10"]
[SourceVersion "1"]
[SourceVersionDate "2018.10.10"]
[SourceQuality "1"]

1. e4 c5 2. Nf3 g6 3. d4 cxd4 4. Nxd4 Nc6 5. Nc3 Bg7 6. Be3 d6 7. Qd2 h6 8. 0-0-0 a6 9. f3 Qc7 10. Nd5 Qd8 11. Nxc6 bxc6 12. Bb6 Qd7 13. Nc7+ Kf8 14. Nxa8 Qb7 15. Bd4 Qxa8 16. Bxg7+ Kxg7 17. Qd4+ Nf6 18. e5 dxe5 19. Qxe5 Be6 20. g4 Re8 21. h4 Kg8 22. Bd3 Bd5 23. Rh3 Nd7 24. Qe3 Kg7 25. c4 Be6 26. Qd4+ Kg8 27. Rhh1 Qb7 28. Rhe1 Nf8 29. Be4 Rb8 30. Re2 Qb4 31. Rc2 c5 32. Qc3 Qb6 33. Bd5 Qc7 34. Qe3 Kg7 35. Re1 Qb6 36. Qe5+ Kg8 37. Re3 Qa7 38. Rb3 Rxb3 39. axb3 Qb6 40. Rc3 Nd7 41. Qe3 Nf8 42. Qxh6 Qd6 43. Rd3 Qc7 44. Be4 1-0

[Event "Oceania zt 3.6 (Women)"]
[Site "Auckland"]
[Date "2017.01.20"]
[Round "9"]
[White "Chibnall, Alana"]
[Black "Smith, Vivian J"]
[Result "1-0"]
[WhiteElo "1842"]
[BlackElo "1741"]
[PlyCount "35"]
[EventDate "2017.01.14"]
[EventType "swiss"]
[EventRounds "9"]
[EventCountry "NZL"]
[SourceTitle "CBM 176 Extra"]
[Source "ChessBase"]
[SourceDate "2017.03.02"]
[SourceVersion "1"]
[SourceVersionDate "2017.03.02"]
[SourceQuality "1"]

1. e4 d6 2. d4 Nf6 3. Nc3 g6 4. Be3 Bg7 5. Qd2 c6 6. h3 h5 7. f4 b5 8. Bd3 a6 9. e5 dxe5 10. fxe5 Nd5 11. Nxd5 cxd5 12. Nf3 Be6 13. 0-0 0-0 14. Bh6 Nc6 15. Qg5 Qd7 16. Bxg6 fxg6 17. Qxg6 Rf7 18. Ng5 1-0

[Event "Oceania zt 3.6 (Women)"]
[Site "Auckland"]
[Date "2017.01.19"]
[Round "8"]
[White "Smith, Vivian J"]
[Black "Chen, Paula"]
[Result "1-0"]
[WhiteElo "1741"]
[BlackElo "1279"]
[PlyCount "105"]
[EventDate "2017.01.14"]
[EventType "swiss"]
[EventRounds "9"]
[EventCountry "NZL"]
[SourceTitle "EXT 2018"]
[Source "ChessBase"]
[SourceDate "2017.10.13"]
[SourceVersion "1"]
[SourceVersionDate "2017.10.13"]
[SourceQuality "1"]

1. e4 e5 2. Nf3 Nc6 3. d4 exd4 4. Bc4 d6 5. Nxd4 Ne5 6. Be2 Nf6 7. Nc3 Be7 8. 0-0 0-0 9. f4 Ng6 10. Be3 Re8 11. Kh1 Bf8 12. Bd3 Bd7 13. Qd2 a6 14. Nde2 Bc6 15. Ng3 Qd7 16. Rae1 Rad8 17. h3 Qc8 18. Qf2 Be7 19. Bd4 Qd7 20. Nf5 Nf8 21. Nxe7+ Qxe7 22. Nd5 Bxd5 23. exd5 Qd7 24. Bxf6 Rxe1 25. Rxe1 gxf6 26. Qg3+ Kh8 27. Qh4 Kg7 28. Qg3+ Kh8 29. Qh4 Kg7 30. Qg3+ Kh8 31. Qe3 Kg7 32. Kh2 Kg8 33. g4 Kg7 34. Bf5 Qb5 35. Qb3 Qxb3 36. axb3 Ng6 37. Bxg6 hxg6 38. Re7 Rc8 39. c3 Kf8 40. Re2 Re8 41. Rxe8+ Kxe8 42. Kg3 Ke7 43. h4 c6 44. dxc6 bxc6 45. Kf3 f5 46. gxf5 gxf5 47. Ke3 c5 48. b4 Kf6 49. bxc5 dxc5 50. b4 cxb4 51. cxb4 Kg6 52. Kd4 f6 53. Kc5 1-0

[Event "Oceania zt 3.6 (Women)"]
[Site "Auckland"]
[Date "2017.01.18"]
[Round "7"]
[White "Chew Lee, Alanna"]
[Black "Smith, Vivian J"]
[Result "1/2-1/2"]
[WhiteElo "1597"]
[BlackElo "1741"]
[PlyCount "44"]
[EventDate "2017.01.14"]
[EventType "swiss"]
[EventRounds "9"]
[EventCountry "NZL"]
[SourceTitle "EXT 2018"]
[Source "ChessBase"]
[SourceDate "2017.10.13"]
[SourceVersion "1"]
[SourceVersionDate "2017.10.13"]
[SourceQuality "1"]

1. e4 d6 2. d4 Nf6 3. Nc3 g6 4. Be3 c6 5. Qd2 h6 6. Nf3 Bg7 7. h3 b5 8. a3 a6 9. Bd3 Qc7 10. e5 dxe5 11. dxe5 Nd5 12. Bd4 0-0 13. 0-0 Be6 14. Be4 Nd7 15. Nxd5 cxd5 16. Bd3 Nc5 17. Be2 Rac8 18. Rac1 Qd7 19. Qb4 Ne4 20. Rfd1 Qc7 21. Bd3 Nc5 22. Be2 Ne4 1/2-1/2

[Event "NZL-ch Seniors"]
[Site "Mount Maunganui"]
[Date "2016.04.25"]
[Round "6"]
[White "Findlay, Ian T"]
[Black "Smith, Vivian J"]
[Result "1-0"]
[WhiteElo "2244"]
[BlackElo "1718"]
[PlyCount "79"]
[EventDate "2016.04.23"]
[EventType "swiss"]
[EventRounds "6"]
[EventCountry "NZL"]
[SourceTitle "EXT 2018"]
[Source "ChessBase"]
[SourceDate "2017.10.13"]
[SourceVersion "1"]
[SourceVersionDate "2017.10.13"]
[SourceQuality "1"]

1. e4 c5 2. Nf3 g6 3. d4 cxd4 4. Nxd4 Nc6 5. Be3 Nf6 6. Nxc6 bxc6 7. Nd2 d6 8. Be2 Bg7 9. 0-0 0-0 10. Kh1 a5 11. f4 Ba6 12. Bxa6 Rxa6 13. Qe2 Ra8 14. Rad1 Qc7 15. Bd4 e5 16. fxe5 dxe5 17. Bc3 Nd7 18. Nc4 Nc5 19. b3 Ne6 20. Qe3 Nd4 21. Nxe5 Bxe5 22. Bxd4 Bxd4 23. Qxd4 Rad8 24. Qc5 Rxd1 25. Rxd1 Rd8 26. Rd3 Rxd3 27. cxd3 Qf4 28. h3 Qf1+ 29. Kh2 Qxd3 30. Qxc6 Qd2 31. Qe8+ Kg7 32. Qe5+ Kg8 33. a3 Qe3 34. b4 axb4 35. axb4 Qb3 36. b5 h5 37. Qe8+ Kg7 38. Qc6 Qe3 39. Qc7 Qxe4 40. b6 1-0

[Event "NZL-ch Seniors"]
[Site "Mount Maunganui"]
[Date "2016.04.24"]
[Round "4"]
[White "Smith, Vivian J"]
[Black "Smith, Robert Wayne"]
[Result "0-1"]
[WhiteElo "1718"]
[BlackElo "2209"]
[PlyCount "96"]
[EventDate "2016.04.23"]
[EventType "swiss"]
[EventRounds "6"]
[EventCountry "NZL"]
[SourceTitle "EXT 2018"]
[Source "ChessBase"]
[SourceDate "2017.10.13"]
[SourceVersion "1"]
[SourceVersionDate "2017.10.13"]
[SourceQuality "1"]

1. e4 c5 2. Nc3 Nc6 3. f4 e6 4. Nf3 a6 5. a4 d5 6. d3 Nf6 7. e5 d4 8. exf6 dxc3 9. bxc3 Qxf6 10. Bd2 Bd6 11. g3 e5 12. Nxe5 Nxe5 13. fxe5 Bxe5 14. Ra3 0-0 15. Qe2 Re8 16. Kd1 Bd7 17. Bg2 Bxc3 18. Qf3 Qg6 19. Qf4 Bg4+ 20. Bf3 Bxf3+ 21. Qxf3 Bxd2 22. Kxd2 Qg5+ 23. Qf4 Qxf4+ 24. gxf4 b5 25. axb5 axb5 26. Rha1 Rxa3 27. Rxa3 g6 28. Ra5 Rb8 29. Ra6 Rc8 30. Rb6 b4 31. c3 bxc3+ 32. Kxc3 Rd8 33. Rc6 Rd5 34. Kd2 Kg7 35. Ke3 Kh6 36. Ke4 Rf5 37. Rd6 Rh5 38. Rd5 Rxh2 39. Rxc5 f5+ 40. Ke3 Kh5 41. d4 Rh3+ 42. Kd2 Kg4 43. d5 Ra3 44. d6 Ra7 45. Rc7 Ra6 46. d7 Rd6+ 47. Ke3 Kg3 48. Ke2 Kxf4 0-1

[Event "NZL-ch Seniors"]
[Site "Mount Maunganui"]
[Date "2016.04.23"]
[Round "1"]
[White "Smith, Vivian J"]
[Black "Morrell, Gordon"]
[Result "1-0"]
[WhiteElo "1718"]
[BlackElo "2092"]
[PlyCount "59"]
[EventDate "2016.04.23"]
[EventType "swiss"]
[EventRounds "6"]
[EventCountry "NZL"]
[SourceTitle "EXT 2018"]
[Source "ChessBase"]
[SourceDate "2017.10.13"]
[SourceVersion "1"]
[SourceVersionDate "2017.10.13"]
[SourceQuality "1"]

1. e4 c5 2. Nc3 a6 3. a4 Nc6 4. f4 e6 5. Nf3 d5 6. d3 Nf6 7. e5 Nd7 8. g3 g6 9. Bg2 Bg7 10. 0-0 0-0 11. Bd2 Rb8 12. Ne2 b5 13. axb5 axb5 14. d4 Qb6 15. Be3 c4 16. g4 f6 17. Bf2 f5 18. gxf5 gxf5 19. Kh1 Kh8 20. Rg1 Nd8 21. Bh4 Nf7 22. Bh3 Bh6 23. Qe1 Bb7 24. Be7 Rg8 25. Qh4 Ra8 26. Bf6+ Bg7 27. Bxg7+ Rxg7 28. Rxa8+ Bxa8 29. Qe7 Rxg1+ 30. Kxg1 1-0

[Event "Oceania zt (Women)"]
[Site "Cammeray"]
[Date "2015.07.07"]
[Round "6"]
[White "Lu, Lillian"]
[Black "Smith, Vivian J"]
[Result "1-0"]
[WhiteElo "1328"]
[BlackElo "1771"]
[PlyCount "21"]
[EventDate "2015.07.04"]
[EventType "swiss"]
[EventRounds "9"]
[EventCountry "AUS"]
[SourceTitle "CBM 167 Extra"]
[Source "ChessBase"]
[SourceDate "2015.09.14"]
[SourceVersion "1"]
[SourceVersionDate "2015.09.14"]
[SourceQuality "1"]

1. e4 d6 2. d4 Nf6 3. Nc3 g6 4. Be3 Ng4 5. Bf4 Nd7 6. Qxg4 e5 7. Be3 exd4 8. Bxd4 Ne5 9. Qg3 f6 10. Nf3 c6 11. Nxe5 1-0

[Event "Oceania zt (Women)"]
[Site "Cammeray"]
[Date "2015.07.05"]
[Round "2"]
[White "Timergazi, Layla"]
[Black "Smith, Vivian J"]
[Result "1-0"]
[WhiteElo "2025"]
[BlackElo "1771"]
[PlyCount "139"]
[EventDate "2015.07.04"]
[EventType "swiss"]
[EventRounds "9"]
[EventCountry "AUS"]
[SourceTitle "CBM 167 Extra"]
[Source "ChessBase"]
[SourceDate "2015.09.14"]
[SourceVersion "1"]
[SourceVersionDate "2015.09.14"]
[SourceQuality "1"]

1. d4 Nf6 2. c4 c5 3. d5 b5 4. Qc2 bxc4 5. e4 d6 6. Bxc4 Nbd7 7. Nf3 g6 8. Nc3 Bg7 9. 0-0 0-0 10. h3 Nb6 11. Be2 Bb7 12. Be3 Nfd7 13. a4 a5 14. Qd2 Ba6 15. Nb5 Bxb5 16. Bxb5 Qc7 17. Rac1 Nf6 18. Qd3 Nfd7 19. Rc2 Nc8 20. Nd4 Ne5 21. Qe2 Na7 22. f4 Nd7 23. Nc6 Nxc6 24. Bxc6 Rab8 25. Bb5 Nb6 26. Bd2 Nc8 27. Qe1 Ra8 28. f5 Qa7 29. g4 Qc7 30. g5 Qd8 31. h4 Be5 32. Bc3 Bxc3 33. bxc3 Nb6 34. f6 Nd7 35. h5 exf6 36. hxg6 fxg6 37. Bxd7 Qxd7 38. gxf6 Rf7 39. Ra2 Rb8 40. Qg3 Re8 41. Rf4 Qb7 42. Re2 Qb1+ 43. Rf1 Qb8 44. Qg4 Qd8 45. Ref2 Ref8 46. Qg5 Re8 47. Rf4 Re5 48. Qg4 Qe8 49. Kg2 Qxa4 50. Qc8+ Re8 51. Qa6 Rxe4 52. Qxd6 Qe8 53. Qxc5 Rxf4 54. Rxf4 Qe2+ 55. Kg3 Qe1+ 56. Kf3 h5 57. Qxa5 g5 58. Qd8+ Kh7 59. Re4 Qxc3+ 60. Ke2 Qc2+ 61. Ke3 Qc3+ 62. Ke2 g4 63. Re6 g3 64. Qe8 Qc2+ 65. Ke3 Qf2+ 66. Kd3 Qf3+ 67. Kc4 Rc7+ 68. Rc6 Qf1+ 69. Kd4 Qf2+ 70. Kd3 1-0

[Event "NZL-ch op 122nd"]
[Site "Auckland"]
[Date "2015.01.05"]
[Round "5"]
[White "Cooper, Nigel"]
[Black "Smith, Vivian J"]
[Result "1-0"]
[WhiteElo "1815"]
[BlackElo "1762"]
[PlyCount "65"]
[EventDate "2015.01.01"]
[EventType "swiss"]
[EventRounds "9"]
[EventCountry "NZL"]
[SourceTitle "CBM 164 Extra"]
[Source "ChessBase"]
[SourceDate "2015.03.02"]
[SourceVersion "1"]
[SourceVersionDate "2015.03.02"]
[SourceQuality "1"]

1. b3 d6 2. Bb2 Nf6 3. g3 e5 4. Bg2 c6 5. Nc3 Nbd7 6. e3 Be7 7. Nge2 d5 8. d3 0-0 9. Qd2 b5 10. f4 b4 11. Na4 Qc7 12. 0-0 a5 13. fxe5 Nxe5 14. Nd4 Ng6 15. Nf5 Bxf5 16. Rxf5 Ng4 17. e4 dxe4 18. Bxe4 Rad8 19. Re1 Bf6 20. Bxf6 Nxf6 21. Bf3 Rfe8 22. Rxe8+ Rxe8 23. Nc5 Re5 24. Rxe5 Nxe5 25. Bg2 Ng6 26. c4 bxc3 27. Qxc3 h6 28. Ne4 Nd5 29. Qc5 Nb4 30. Nf2 Nxa2 31. Qxc6 Qd8 32. Qd5 Qb6 33. d4 1-0

[Event "NZL-ch Seniors"]
[Site "Howick"]
[Date "2014.04.05"]
[Round "3"]
[White "Smith, Vivian J"]
[Black "Goffin, Peter B"]
[Result "0-1"]
[WhiteElo "1750"]
[BlackElo "2024"]
[PlyCount "58"]
[EventDate "2014.04.04"]
[EventType "swiss"]
[EventRounds "7"]
[EventCountry "NZL"]
[SourceTitle "EXT 2018"]
[Source "ChessBase"]
[SourceDate "2017.10.13"]
[SourceVersion "1"]
[SourceVersionDate "2017.10.13"]
[SourceQuality "1"]

1. e4 e5 2. Nf3 Nc6 3. d4 exd4 4. Bc4 Be7 5. c3 d6 6. Nxd4 Nf6 7. Nxc6 bxc6 8. Bd3 0-0 9. 0-0 Re8 10. Qc2 a5 11. b3 Nd7 12. f4 Nc5 13. Be2 Bf6 14. Bf3 Qe7 15. e5 dxe5 16. Bxc6 Nxb3 17. Bxe8 Nxa1 18. Bxf7+ Qxf7 19. Qb2 Ba6 20. Re1 exf4 21. Bxf4 Re8 22. Rxe8+ Qxe8 23. h3 Qh5 24. Qc1 Nc2 25. Nd2 Qc5+ 26. Kh2 Qf5 27. Nf3 Bb7 28. Nd4 Nxd4 29. cxd4 Qe4 0-1

[Event "NZL-ch Major op"]
[Site "Auckland"]
[Date "2014.01.08"]
[Round "5"]
[White "Taylor, Richard"]
[Black "Smith, Vivian J"]
[Result "1-0"]
[WhiteElo "1861"]
[BlackElo "1750"]
[PlyCount "59"]
[EventDate "2014.01.04"]
[EventType "swiss"]
[EventRounds "9"]
[EventCountry "NZL"]
[SourceTitle "EXT 2018"]
[Source "ChessBase"]
[SourceDate "2017.10.13"]
[SourceVersion "1"]
[SourceVersionDate "2017.10.13"]
[SourceQuality "1"]

1. e4 c5 2. Nf3 g6 3. d4 cxd4 4. Nxd4 Nc6 5. Be3 Nf6 6. Nc3 Bg7 7. Bc4 0-0 8. Bb3 d6 9. f3 Bd7 10. Qd2 Na5 11. 0-0-0 Nxb3+ 12. cxb3 a6 13. g4 b5 14. Qg2 Rc8 15. Kb1 b4 16. Nce2 Qc7 17. Ng3 Bb5 18. Qd2 Qb7 19. h4 Nd7 20. h5 Rfe8 21. hxg6 fxg6 22. Ne6 Nf8 23. Nxg7 Kxg7 24. Bh6+ Kg8 25. Nf5 Ne6 26. Nd4 Nc5 27. Nf5 Ne6 28. Ne3 Rc5 29. Nd5 Rec8 30. Rc1 1-0

[Event "NZL-ch Major op"]
[Site "Auckland"]
[Date "2014.01.05"]
[Round "2"]
[White "Smith, Vivian J"]
[Black "MacDonald, Paul"]
[Result "0-1"]
[WhiteElo "1750"]
[BlackElo "2033"]
[PlyCount "64"]
[EventDate "2014.01.04"]
[EventType "swiss"]
[EventRounds "9"]
[EventCountry "NZL"]
[SourceTitle "EXT 2018"]
[Source "ChessBase"]
[SourceDate "2017.10.13"]
[SourceVersion "1"]
[SourceVersionDate "2017.10.13"]
[SourceQuality "1"]

1. e4 d6 2. d4 Nf6 3. Nc3 g6 4. f4 Bg7 5. Nf3 0-0 6. Bd3 c5 7. dxc5 dxc5 8. 0-0 Bg4 9. h3 Bxf3 10. Qxf3 Nc6 11. Be3 Nd7 12. e5 e6 13. Ne4 Qe7 14. Qf2 b6 15. Bb5 Nb4 16. Rad1 Rfd8 17. a3 Nd5 18. Bc1 Nf8 19. Kh1 a6 20. Be2 f6 21. c4 Nc7 22. Nxf6+ Bxf6 23. exf6 Qxf6 24. Bf3 Rab8 25. b3 Ne8 26. Qe3 Ng7 27. g4 Qh4 28. Bg2 h5 29. Bb2 hxg4 30. Qe5 Nf5 31. Rxd8 Rxd8 32. Kg1 gxh3 0-1

[Event "Oceania zt (Women)"]
[Site "Nadi"]
[Date "2013.05.09"]
[Round "8"]
[White "Guo, Emma"]
[Black "Smith, Vivian J"]
[Result "1-0"]
[WhiteElo "2092"]
[BlackElo "1742"]
[PlyCount "87"]
[EventDate "2013.05.05"]
[EventType "swiss"]
[EventRounds "9"]
[EventCountry "FIJ"]
[SourceTitle "CBM 154 Extra"]
[Source "ChessBase"]
[SourceDate "2013.06.25"]
[SourceVersion "2"]
[SourceVersionDate "2013.06.25"]
[SourceQuality "1"]

1. d4 Nf6 2. c4 c5 3. d5 b5 4. cxb5 a6 5. bxa6 Bxa6 6. Nc3 d6 7. e4 Bxf1 8. Kxf1 g6 9. Nf3 Nbd7 10. g3 Bg7 11. Kg2 0-0 12. h3 Nb6 13. Re1 Nfd7 14. Qe2 Na4 15. Nxa4 Rxa4 16. Bf4 Qa8 17. a3 Rb8 18. Rab1 Qb7 19. Kg1 Ra5 20. e5 Qxd5 21. exd6 e6 22. Ne5 Bxe5 23. Bxe5 Rab5 24. Bc3 Qc6 25. Rbd1 R5b6 26. Qc4 Qb5 27. Qf4 R6b7 28. Qh6 e5 29. Bxe5 Nxe5 30. Rxe5 Rd7 31. Qe3 Qxb2 32. Re8+ Kg7 33. Rxb8 Qxb8 34. Qxc5 Qd8 35. a4 h6 36. a5 Qa8 37. Qb6 Qf3 38. Qd4+ Qf6 39. Qd5 Qd8 40. a6 Qb6 41. Qd4+ Qxd4 42. Rxd4 Kf8 43. a7 Rxa7 44. d7 1-0

[Event "Oceania zt (Women)"]
[Site "Nadi"]
[Date "2013.05.08"]
[Round "7"]
[White "Lane, Nancy"]
[Black "Smith, Vivian J"]
[Result "1/2-1/2"]
[WhiteElo "1930"]
[BlackElo "1742"]
[PlyCount "89"]
[EventDate "2013.05.05"]
[EventType "swiss"]
[EventRounds "9"]
[EventCountry "FIJ"]
[SourceTitle "CBM 154 Extra"]
[Source "ChessBase"]
[SourceDate "2013.06.25"]
[SourceVersion "2"]
[SourceVersionDate "2013.06.25"]
[SourceQuality "1"]

1. d4 Nf6 2. g3 g6 3. Bg2 Bg7 4. e4 d6 5. Nc3 0-0 6. Nge2 e5 7. h3 exd4 8. Nxd4 Re8 9. 0-0 a6 10. a4 Nbd7 11. Re1 Nc5 12. b4 Ne6 13. Be3 Nxd4 14. Bxd4 Be6 15. f4 c6 16. a5 d5 17. exd5 Nxd5 18. Nxd5 Bxd5 19. Bb6 Rxe1+ 20. Qxe1 Qf6 21. Rd1 Be6 22. Rc1 Qc3 23. Bc5 Bd4+ 24. Kh2 Qxe1 25. Rxe1 Bxc5 26. bxc5 Kf8 27. Rb1 Rd8 28. Rxb7 Rd2 29. Kg1 Rxc2 30. Bxc6 Rxc5 31. Rb6 Rxa5 32. Bb7 Rb5 33. Rxb5 axb5 34. g4 Ke7 35. Kf2 Kd6 36. Ke3 Kc5 37. Kd3 h5 38. gxh5 gxh5 39. h4 Bd5 40. Bc8 f6 41. Bf5 b4 42. Bg6 Bf3 43. Bf7 Bg4 44. Bb3 Bf5+ 45. Ke3 1/2-1/2

[Event "Oceania-ch Seniors"]
[Site "Christchurch"]
[Date "2013.04.25"]
[Round "1"]
[White "Glissan, Paul"]
[Black "Smith, Vivian J"]
[Result "0-1"]
[WhiteElo "1742"]
[BlackElo "1850"]
[PlyCount "75"]
[EventDate "2013.04.25"]
[EventType "swiss"]
[EventRounds "7"]
[EventCountry "NZL"]
[SourceTitle "EXT 2018"]
[Source "ChessBase"]
[SourceDate "2017.10.13"]
[SourceVersion "1"]
[SourceVersionDate "2017.10.13"]
[SourceQuality "1"]

1. e4 d6 2. d4 Nf6 3. Nc3 g6 4. f4 Bg7 5. Nf3 0-0 6. Bd3 Na6 7. a3 c5 8. Be3 cxd4 9. Bxd4 Nc5 10. 0-0 Nxd3 11. Qxd3 b6 12. Rad1 Bb7 13. f5 Rc8 14. Ng5 h6 15. Nf3 gxf5 16. exf5 Qc7 17. Rde1 Rfe8 18. Qd2 Kh7 19. Qf2 Ng4 20. Qh4 Bxd4+ 21. Nxd4 Nf6 22. Re3 Rg8 23. Rg3 Rxg3 24. hxg3 Rg8 25. Nce2 Rg4 26. Qh3 Qc5 27. Kf2 Ne4+ 28. Ke3 Nf6 29. Rh1 Re4+ 30. Kd2 Rxd4+ 31. Kc1 Ng8 32. f6 exf6 33. Nxd4 Qxd4 34. Qh5 Bd5 35. Rd1 Qe3+ 36. Kb1 Be6 37. Rxd6 Qe1+ 38. Rd1 0-1

[Event "South Island-ch"]
[Site "Dunedin"]
[Date "2012.10.12"]
[Round "6"]
[White "Smith, Vivian J"]
[Black "Jackson, L Ross"]
[Result "0-1"]
[WhiteElo "1737"]
[BlackElo "1974"]
[PlyCount "21"]
[EventDate "2012.10.14"]
[EventType "swiss"]
[EventRounds "9"]
[EventCountry "NZL"]
[SourceTitle "EXT 2018"]
[Source "ChessBase"]
[SourceDate "2017.10.13"]
[SourceVersion "1"]
[SourceVersionDate "2017.10.13"]
[SourceQuality "1"]

1. e4 d6 2. d4 g6 3. Nc3 Bg7 4. Nf3 e6 5. Be2 Ne7 6. 0-0 Nd7 7. Be3 b6 8. Qd2 h6 9. h3 Bb7 10. Rad1 a6 11. b4 0-1

[Event "South Island-ch"]
[Site "Dunedin"]
[Date "2012.10.11"]
[Round "3"]
[White "Clarkson, Robert"]
[Black "Smith, Vivian J"]
[Result "1/2-1/2"]
[WhiteElo "1573"]
[BlackElo "1737"]
[PlyCount "73"]
[EventDate "2012.10.14"]
[EventType "swiss"]
[EventRounds "9"]
[EventCountry "NZL"]
[SourceTitle "EXT 2018"]
[Source "ChessBase"]
[SourceDate "2017.10.13"]
[SourceVersion "1"]
[SourceVersionDate "2017.10.13"]
[SourceQuality "1"]

1. d4 Nf6 2. Nf3 g6 3. g3 Bg7 4. Bg2 0-0 5. 0-0 d6 6. h3 c6 7. Nbd2 Qc7 8. c3 Nbd7 9. Qc2 e5 10. Re1 Re8 11. e4 h6 12. dxe5 dxe5 13. b3 b6 14. Ba3 Ba6 15. Rad1 c5 16. Bb2 Nb8 17. Bf1 Bxf1 18. Nxf1 Nc6 19. Ne3 Rad8 20. Kg2 Rxd1 21. Rxd1 Rd8 22. Nd5 Nxd5 23. exd5 Ne7 24. Qe4 Qd6 25. c4 f5 26. Qc2 e4 27. Nd2 Be5 28. Bxe5 Qxe5 29. f4 Qf6 30. Nf1 Nc8 31. Ne3 Nd6 32. Qf2 Rc8 33. g4 Kf7 34. h4 Rg8 35. Kh3 Qd8 36. Rg1 Qc8 37. g5 1/2-1/2

[Event "South Island-ch"]
[Site "Dunedin"]
[Date "2012.10.10"]
[Round "2"]
[White "Smith, Vivian J"]
[Black "Roberts, Michael H"]
[Result "0-1"]
[WhiteElo "1737"]
[BlackElo "1836"]
[PlyCount "82"]
[EventDate "2012.10.14"]
[EventType "swiss"]
[EventRounds "9"]
[EventCountry "NZL"]
[SourceTitle "EXT 2018"]
[Source "ChessBase"]
[SourceDate "2017.10.13"]
[SourceVersion "1"]
[SourceVersionDate "2017.10.13"]
[SourceQuality "1"]

1. e4 e5 2. Nf3 Nc6 3. d4 exd4 4. Bc4 Bc5 5. c3 d3 6. Qxd3 Nge7 7. Bxf7+ Kxf7 8. Qc4+ d5 9. Qxc5 Re8 10. 0-0 b6 11. Qe3 Nf5 12. Qf4 dxe4 13. Ng5+ Kg8 14. Nxe4 Ne5 15. Ng3 Nxg3 16. Qxg3 Ba6 17. Bh6 Ng6 18. Bg5 Qd7 19. Rc1 Re2 20. b3 Rae8 21. Na3 Qf5 22. Be3 Bb7 23. h3 R8xe3 24. fxe3 Rxg2+ 25. Qxg2 Bxg2 26. Kxg2 Nh4+ 27. Kg1 Qf3 28. Rc2 Qxe3+ 29. Rf2 Qg3+ 30. Kf1 Qxh3+ 31. Ke2 Qxc3 32. Raf1 Qb2+ 33. Kd3 Qxa3 34. Kc3 h6 35. Rf4 Ng6 36. R4f2 Qc5+ 37. Kb2 Kh7 38. Rf5 Qd4+ 39. Kc1 Ne5 40. Kc2 Ng4 41. R5f4 Ne3+ 0-1

[Event "Queenstown op"]
[Site "Queenstown"]
[Date "2012.01.16"]
[Round "2"]
[White "Jackson, L Ross"]
[Black "Smith, Vivian J"]
[Result "1-0"]
[WhiteElo "1947"]
[BlackElo "1752"]
[PlyCount "50"]
[EventDate "2012.01.15"]
[EventType "swiss"]
[EventRounds "9"]
[EventCountry "NZL"]
[SourceTitle "CBM 146 Extra"]
[Source "ChessBase"]
[SourceDate "2012.02.29"]
[SourceVersion "1"]
[SourceVersionDate "2012.02.29"]
[SourceQuality "1"]

1. d4 Nf6 2. c4 c5 3. d5 b5 4. cxb5 a6 5. bxa6 Bxa6 6. Nc3 d6 7. b3 g6 8. Bb2 Bg7 9. Qc2 0-0 10. g3 Nbd7 11. Bg2 Rb8 12. Nf3 Nb6 13. Nh4 Ng4 14. h3 Nf6 15. 0-0 Nbd7 16. Nf3 Qa5 17. Rfd1 Rfc8 18. a3 Qb6 19. Nd2 Qb7 20. Rab1 Nb6 21. e4 Nfd7 22. Nf3 Ne5 23. Nxe5 Bxe5 24. Bc1 Qc7 25. Bd2 Bg7 1-0